000 00979nam a22003017a 4500
005 20230512224059.0
008 230210t xxu||||| |||| 00| 0 eng d
020 _a9781138181656
040 _cCSPC
050 0 _aHF5415.1263
082 0 _a658.7
_bF716m
100 _aFolinas, Dimitris,
_eauthor.
245 0 0 _aMarketing and supply chain management :
_ba systemic approach /
_cDimitris Folinas and Thomas Fotiadis.
260 _aAbingdon, Oxon:
_bRoutledge,
_c2018.
300 _axi, 232 pages :
_billustrations ;
_c25 cm.
336 _2rdacontent
_atext
337 _2rdamedia
_aunmediated
338 _2rdacarrier
_avolume
500 _aIncludes index.
504 _aIncludes bibliographical references.
650 1 0 _aIndustrial marketing.
650 1 0 _aBusiness logistics.
700 1 _aFotiadis, Thomas,
_eauthor.
940 _amae
942 _cBOOK
_jCIR 658.7 F716m 2018
999 _c13064
_d13064